Nueva ley de financiamiento Ley 1943 de 2018 /

Bibliographic Details
Main Author: Varn̤ Garca̕, Leonardo
Other Authors: Dussan Salazar, William, Araque Cr̀denas, Jos ̌Hilario, Araque Durǹ, Juan Diego, Zambrano Sǹchez, Juliǹ Alberto, Lee Yara, Yhony Alberto
Format: eBook
Language:Spanish
Published: Bogot:̀ Grupo Editorial Nueva Legislacin̤, 2019
Subjects:
Online Access:Acceso restringido

MARC

LEADER 00000nam a22000007a 4500
005 20191015224033.0
007 cr|||| ||||
008 191015s2019 co |||||s|||| 00||0 spa d
020 |a 978-958-56479-9-2 
035 |a 30497 
040 |a vLex 
090 |c 9833  |d 9833 
100 1 |a Varn̤ Garca̕, Leonardo 
245 1 0 |a Nueva ley de financiamiento  |h [Recurso electrn̤ico] :  |b Ley 1943 de 2018 /  |c Leonardo Varn̤ Garca̕, William Dussan Salazar, Jos ̌Hilario Araque Cr̀denas, Juan Diego Araque Durǹ, Juliǹ Alberto Zambrano Sǹchez, Yhony Alberto Lee Yara 
256 |a Servicio en ln̕ea 
260 |a Bogot:̀  |b Grupo Editorial Nueva Legislacin̤,  |c 2019 
300 |a 1 recurso electrn̤ico 
506 1 |a Disponible solo en los productos indicados  |d vLex Global  |d vLex Global (Academic Edition, excluding Law Schools)  |d vLex Global (U.S. Academic Edition, Law Schools)  |d vLex Global (U.S. Academic Edition, excluding Law Schools)  |d vLex Global (Academic Edition, Law Schools) 
650 0 4 |a Derecho Tributario  |z Colombia 
700 1 |a Dussan Salazar, William 
700 1 |a Araque Cr̀denas, Jos ̌Hilario 
700 1 |a Araque Durǹ, Juan Diego 
700 1 |a Zambrano Sǹchez, Juliǹ Alberto 
700 1 |a Lee Yara, Yhony Alberto 
740 0 |a vLex Libros (Servicio en ln̕ea) 
856 4 0 |u http://vlex.com/source/nueva-ley-financiamiento-ley-1943-2018-30497  |z Acceso restringido 
942 |c BOOK 
999 0 |a Tax Law